00390pab a2200133 454500008004000000100002000040245009100060260000900151300001200160362001200172650002300184700001500207773003400222180718b1989 xxu||||| |||| 00| 0 eng d aNayak, Pulin B. aPersonal inccome tax in IndiabAlternative structures and their redistributive effects c1989 a2779-83 a16 Dec. aIncome Tax - India aSatya Paul aEconomic and Political Weekly